Loading...
| Literature - European | 0 | 8 | 1 | 0 | 75 | 11 | 43.38 | 3 | 6 | 38.72 | 52.51 |
| Literature - British | 0 | 6 | 1 | 0 | 55 | 34 | 58.83 | 1 | 5 | 22.03 | 38.85 |
| Religion | 0 | 5 | 0 | 0 | 50 | 27 | 52.80 | 0 | 4 | 19.72 | 28.79 |
| Literature - American | 0 | 5 | 1 | 2 | 45 | 36 | 61.80 | 2 | 4 | 17.69 | 30.77 |
| Literature - World | 0 | 4 | 0 | 0 | 40 | 40 | 59.00 | 1 | 3 | 15.18 | 26.17 |
| Science - Chemistry | 0 | 4 | 0 | 0 | 40 | 30 | 62.50 | 1 | 2 | 11.28 | 23.39 |
| Fine Arts - Other | 0 | 5 | 2 | 1 | 40 | 70 | 89.40 | 0 | 2 | 9.71 | 22.67 |
| Fine Arts - Classical Music | 0 | 4 | 1 | 0 | 35 | 44 | 57.75 | 2 | 3 | 14.64 | 26.86 |
| Mythology | 0 | 3 | 1 | 1 | 25 | 61 | 79.67 | 1 | 1 | 6.60 | 12.80 |
| History - World | 0 | 2 | 0 | 1 | 20 | 72 | 87.00 | 0 | 1 | 2.52 | 7.26 |
| Fine Arts - Painting and Sculpture | 0 | 2 | 0 | 0 | 20 | 18 | 44.00 | 1 | 2 | 9.53 | 14.10 |
| History - European | 0 | 2 | 0 | 1 | 20 | 63 | 89.50 | 0 | 0 | 2.99 | 4.27 |
| History - Other | 0 | 2 | 0 | 1 | 20 | 104 | 107.00 | 0 | 0 | 0.74 | 2.56 |
| Philosophy | 0 | 2 | 0 | 1 | 20 | 58 | 82.00 | 0 | 1 | 4.21 | 7.37 |
| Popular Culture | 0 | 1 | 0 | 0 | 10 | 29 | 29.00 | 0 | 0 | 12.67 | 8.33 |
| History - American | 0 | 1 | 0 | 0 | 10 | 48 | 48.00 | 0 | 1 | 4.30 | 7.05 |
| Science - Other | 0 | 1 | 0 | 0 | 10 | 44 | 44.00 | 1 | 1 | 4.53 | 7.69 |
| Social Science | 0 | 0 | 1 | 0 | -5 | 0.00 | 0 | 0 | 0.00 | 0.00 | |
| Science - Physics | 0 | 0 | 1 | 0 | -5 | 0.00 | 0 | 0 | 0.00 | 0.00 | |
| Geography | 0 | 0 | 1 | 0 | -5 | 0.00 | 0 | 0 | 0.00 | 0.00 |